[Event "C.to Italiano femminile"]
[Site "Montecatini Terme ITA"]
[Date "2011.07.31"]
[Round "1"]
[White "De Rosa, Mariagrazia"]
[Black "Polin, Giulia"]
[WhiteElo "2106"]
[BlackElo "1874"]
[Result "1-0"]
[PlyCount "55"]
[EventDate "2011.07.31"]

1. e4 c5 2. Nf3 d6 3. d4 cxd4 4. Nxd4 Nf6 5. f3 a6 6. c4 e6 7. Be3 Be7 8. Nc3
Qc7 9. Be2 Nbd7 10. O-O O-O 11. Rc1 b6 12. Qd2 Bb7 13. Rfd1 Ne5 14. Kh1 h5 15.
Bg1 Kh7 16. b3 Rh8 17. f4 Neg4 18. Bf3 g6 19. f5 e5 20. fxg6+ fxg6 21. Ne6 Qd7
22. Ng5+ Kg7 23. Bxb6 Qc6 24. Na4 Nd7 25. Bg1 Ndf6 26. c5 dxc5 27. Nxc5 Bxc5
28. Rxc5 1-0

[Event "C.to Italiano femminile"]
[Site "Montecatini Terme ITA"]
[Date "2011.07.31"]
[Round "1"]
[White "Balzano, Filli"]
[Black "Barbiso, Tiziana"]
[WhiteElo "1822"]
[BlackElo "2072"]
[Result "1/2-1/2"]
[PlyCount "66"]
[EventDate "2011.07.31"]

1. e4 e6 2. d4 d5 3. e5 c5 4. c3 Nc6 5. Nf3 Bd7 6. a3 Qb6 7. b4 cxd4 8. cxd4
Rc8 9. Bb2 Nge7 10. Nbd2 Nf5 11. Nb1 h5 12. Be2 Na5 13. O-O Nc4 14. Bc3 Be7 15.
Bd3 a5 16. bxa5 Nxa5 17. Bxa5 Qxa5 18. Qb3 Qa4 19. Qxa4 Bxa4 20. Nbd2 O-O 21.
Rfc1 g6 22. Kf1 Rc6 23. Rxc6 Bxc6 24. a4 Rc8 25. Bb5 Bb4 26. Bxc6 Rxc6 27. Nb3
Bc3 28. Rc1 Rc4 29. Ke2 Bb2 30. Rxc4 dxc4 31. Na5 Nxd4+ 32. Nxd4 Bxd4 33. Nxc4
Kf8 1/2-1/2

[Event "C.to Italiano femminile"]
[Site "Montecatini Terme ITA"]
[Date "2011.07.31"]
[Round "1"]
[White "Arnetta, Maria Teresa"]
[Black "Restifo, Katiuscia"]
[WhiteElo "2069"]
[BlackElo "1794"]
[Result "0-1"]
[PlyCount "110"]
[EventDate "2011.07.31"]

1. e4 c5 2. c3 Nc6 3. d4 cxd4 4. cxd4 d6 5. h3 Nf6 6. Nc3 g6 7. Nf3 Bg7 8. Be2
O-O 9. O-O Bd7 10. Be3 h6 11. Qd2 Kh7 12. Rfd1 Ne8 13. Rac1 f5 14. d5 Ne5 15.
Nxe5 dxe5 16. f3 f4 17. Bf2 g5 18. a4 Rg8 19. b4 h5 20. Nb5 a6 21. d6 e6 22.
Nc7 Rc8 23. Bb6 Qf6 24. b5 Bh6 25. Nxe8 Rcxe8 26. Rc7 Rg7 27. Kf1 g4 28. Bc4
gxf3 29. gxf3 Qh4 30. Qh2 Reg8 31. Bf2 Qd8 32. Bb6 Qg5 33. Bf2 Qd8 34. Bb6 Rg3
35. Bxe6 R3g7 36. Rxb7 Qc8 37. Rxd7 Rxd7 38. Bxd7 Qxd7 39. bxa6 Qxa4 40. Qe2
Qd7 41. a7 Qxh3+ 42. Ke1 Bg5 43. Rc1 Qe6 44. Qc4 Bh4+ 45. Bf2 Bxf2+ 46. Kxf2
Qg6 47. Ke2 Qg2+ 48. Ke1 Qg1+ 49. Kd2 Rg2+ 50. Kc3 Qxc1+ 51. Kb4 Qb2+ 52. Qb3
Qd4+ 53. Kb5 Qxa7 54. Kc6 Qa8+ 55. Kd7 Rg7+ 0-1

[Event "C.to Italiano femminile"]
[Site "Montecatini Terme ITA"]
[Date "2011.08.01"]
[Round "2"]
[White "Messina, Roberta"]
[Black "De Rosa, Mariagrazia"]
[WhiteElo "1913"]
[BlackElo "2106"]
[Result "1-0"]
[PlyCount "63"]
[EventDate "2011.07.31"]

1. c4 Nf6 2. Nf3 g6 3. Nc3 Bg7 4. g3 O-O 5. Bg2 d6 6. O-O e5 7. b3 Nc6 8. Bb2
h6 9. d3 Be6 10. Qd2 Qd7 11. Rab1 Bh3 12. Nd5 Ne8 13. b4 Nd8 14. b5 c6 15. Bxh3
Qxh3 16. Ne3 f5 17. bxc6 bxc6 18. c5 f4 19. Nc4 Nf6 20. cxd6 fxg3 21. fxg3 Ng4
22. e4 Ne6 23. Qg2 Qxg2+ 24. Kxg2 Nd4 25. Bxd4 exd4 26. h3 Nf6 27. Nfe5 Rad8
28. Nxg6 Rfe8 29. Ne7+ Kh7 30. Nxc6 Rc8 31. Rxf6 Bxf6 32. d7 1-0

[Event "C.to Italiano femminile"]
[Site "Montecatini Terme ITA"]
[Date "2011.08.01"]
[Round "2"]
[White "Chierici, Marianna"]
[Black "Palmitessa, Chiara"]
[WhiteElo "2064"]
[BlackElo "1938"]
[Result "0-1"]
[PlyCount "120"]
[EventDate "2011.07.31"]

1. c4 Nf6 2. g3 g6 3. Bg2 Bg7 4. Nc3 O-O 5. Nf3 d6 6. b3 Nc6 7. Bb2 e5 8. O-O
h6 9. d3 Be6 10. Qd2 Qd7 11. Rfd1 Bh3 12. Bh1 Rae8 13. Rac1 Ng4 14. Nd5 f5 15.
Nh4 g5 16. Bg2 Bxg2 17. Nxg2 f4 18. f3 Nf6 19. Nxf6+ Bxf6 20. g4 Kg7 21. b4 h5
22. h3 hxg4 23. hxg4 Rh8 24. Kf2 Rh7 25. Rh1 Reh8 26. Rxh7+ Rxh7 27. Rg1 Qe8
28. b5 Nd4 29. Qa5 Qb8 30. Bxd4 exd4 31. Ne1 b6 32. Qd2 Qh8 33. Ng2 Rh2 34. Kf1
Rh1 35. Qe1 Kf7 36. Rxh1 Qxh1+ 37. Kf2 Qxe1+ 38. Nxe1 Ke6 39. Nc2 d5 40. Ke1
Kd6 41. a4 dxc4 42. dxc4 Kc5 43. Kd2 Kxc4 44. Ne1 Kb4 45. Kd3 Kxa4 46. Kc4 Ka5
47. Nd3 a6 48. bxa6 Kxa6 49. Nb4+ Ka5 50. Nd3 c6 51. Nf2 c5 52. Ne4 Bd8 53. Nd6
Ka4 54. Nf5 b5+ 55. Kxc5 b4 56. Nxd4 b3 57. Nxb3 Kxb3 58. Kd4 Kc2 59. e4 Kd2
60. e5 Ke2 0-1

[Event "C.to Italiano femminile"]
[Site "Montecatini Terme ITA"]
[Date "2011.08.01"]
[Round "2"]
[White "Restifo, Katiuscia"]
[Black "Panella, Fiammetta"]
[WhiteElo "1794"]
[BlackElo "2030"]
[Result "0-1"]
[PlyCount "136"]
[EventDate "2011.07.31"]

1. e4 c5 2. Nf3 e6 3. b3 Nc6 4. Bb2 d6 5. d4 cxd4 6. Nxd4 a6 7. g3 Bd7 8. Bg2
Qc7 9. a3 Nf6 10. Nd2 Rc8 11. Rc1 Be7 12. O-O O-O 13. N4f3 Rfd8 14. Qe2 e5 15.
h3 h6 16. Kh2 Be6 17. c4 Qd7 18. Rfd1 b6 19. Nb1 Na5 20. Rd3 Qb7 21. Nfd2 b5
22. Rdc3 bxc4 23. Nxc4 Nxc4 24. bxc4 Nd7 25. Qc2 Nc5 26. Nd2 Qd7 27. Qd1 Rc7
28. Ba1 Rdc8 29. Qe2 Qa4 30. Bf1 Qc6 31. Bg2 Qa4 32. Bf1 Rb8 33. Kh1 Qd7 34.
Kh2 Rcb7 35. Kh1 Bxh3 36. Kh2 Bg4 37. f3 Be6 38. Qg2 Bg5 39. R1c2 Na4 40. Rd3
Nc5 41. Rdc3 Bxd2 42. Rxd2 Nb3 43. Rd1 Nxa1 44. Rxa1 Rb2 45. Rc2 Rxc2 46. Qxc2
Qb7 47. Ra2 Qb3 48. Qe2 Rc8 49. Qc2 Qxf3 50. Bg2 Qh5+ 51. Kg1 Rxc4 52. Qb1 Rd4
53. Qb8+ Kh7 54. Rf2 Rd1+ 55. Rf1 Rxf1+ 56. Bxf1 Qd1 57. Qb2 Bc4 58. Qf2 Qxf1+
59. Qxf1 Bxf1 60. Kxf1 Kg6 61. Kf2 Kg5 62. Kf3 g6 63. a4 f5 64. a5 h5 65. Ke3
Kg4 66. Kd3 Kxg3 67. exf5 gxf5 68. Kc4 f4 0-1

[Event "C.to Italiano femminile"]
[Site "Montecatini Terme ITA"]
[Date "2011.08.02"]
[Round "3"]
[White "Panella, Fiammetta"]
[Black "Messina, Roberta"]
[WhiteElo "2030"]
[BlackElo "1913"]
[Result "0-1"]
[PlyCount "96"]
[EventDate "2011.07.31"]

1. e4 c5 2. Nf3 d6 3. d4 cxd4 4. Nxd4 Nf6 5. Nc3 a6 6. f4 e6 7. Bd3 Be7 8. Nf3
Qc7 9. O-O O-O 10. Qe1 e5 11. Kh1 Be6 12. a4 Nc6 13. f5 Bc8 14. g4 Nb4 15. g5
Ne8 16. Qg3 g6 17. f6 Nxf6 18. gxf6 Bxf6 19. Be3 b6 20. Rf2 Bb7 21. Nd2 Bg7 22.
Nc4 f5 23. Bxb6 Qc6 24. Qg2 Nxd3 25. cxd3 fxe4 26. Rxf8+ Rxf8 27. Be3 exd3 28.
Qxc6 Bxc6+ 29. Kg1 d5 30. Na5 Ba8 31. Bc5 Rb8 32. Ra2 d4 33. Nd1 e4 34. b4 e3
35. Kf1 e2+ 36. Ke1 exd1=Q+ 37. Kxd1 Re8 38. Rf2 Re3 39. Nc4 Bf3+ 40. Kd2 Re2+
41. Rxe2 dxe2 42. b5 axb5 43. axb5 Bf6 44. Bb4 Bh4 45. Kd3 e1=Q 46. Bxe1 Bxe1
47. Kxd4 Bf2+ 48. Ke5 Bg1 0-1

[Event "C.to Italiano femminile"]
[Site "Montecatini Terme ITA"]
[Date "2011.08.02"]
[Round "3"]
[White "Reginato, Sabrina"]
[Black "Chiarion, Elisa"]
[WhiteElo "1954"]
[BlackElo "1964"]
[Result "1/2-1/2"]
[PlyCount "49"]
[EventDate "2011.07.31"]

1. Nf3 d5 2. g3 c5 3. Bg2 Nc6 4. d4 Bf5 5. O-O h6 6. c3 e6 7. Nbd2 Nf6 8. Re1
cxd4 9. Nxd4 Nxd4 10. cxd4 Be7 11. e4 dxe4 12. Nxe4 O-O 13. Nc3 Rb8 14. d5 exd5
15. Nxd5 Nxd5 16. Bxd5 Bf6 17. Qf3 Qd7 18. Bf4 Rbc8 19. Rad1 Bg4 20. Bxb7 Qxd1
21. Qxd1 Bxd1 22. Bxc8 Rxc8 23. Rxd1 Bxb2 24. Be3 a5 25. Rd5 1/2-1/2

[Event "C.to Italiano femminile"]
[Site "Montecatini Terme ITA"]
[Date "2011.08.02"]
[Round "3"]
[White "Palmitessa, Chiara"]
[Black "Barbiso, Tiziana"]
[WhiteElo "1938"]
[BlackElo "2072"]
[Result "1-0"]
[PlyCount "71"]
[EventDate "2011.07.31"]

1. e4 c5 2. Nf3 d6 3. d4 cxd4 4. Nxd4 Nf6 5. Nc3 a6 6. g3 e5 7. Nde2 Be7 8. Bg2
Nbd7 9. O-O b5 10. a4 b4 11. Nd5 Nxd5 12. Qxd5 Rb8 13. a5 Nf6 14. Qc4 O-O 15.
Bg5 Rb5 16. Bxf6 Bxf6 17. Nc1 Be6 18. Qd3 Qc7 19. Rd1 Be7 20. Nb3 Rc8 21. Rdc1
Bg5 22. Nd2 Bc4 23. Nxc4 Bxc1 24. Nxd6 Qxc2 25. Qxc2 Rxc2 26. Nxb5 Bxb2 27. Rd1
Kf8 28. Nd6 Bd4 29. Nf5 Bxf2+ 30. Kh1 f6 31. Bf1 b3 32. Bd3 Rc5 33. Kg2 Bd4 34.
Nxd4 exd4 35. Bxa6 Rxa5 36. Bc4 1-0

[Event "C.to Italiano femminile"]
[Site "Montecatini Terme ITA"]
[Date "2011.08.02"]
[Round "4"]
[White "Messina, Roberta"]
[Black "Palmitessa, Chiara"]
[WhiteElo "1913"]
[BlackElo "1938"]
[Result "1/2-1/2"]
[PlyCount "91"]
[EventDate "2011.07.31"]

1. c4 e5 2. Nc3 Nc6 3. Nf3 d6 4. d4 Be7 5. d5 Nb8 6. c5 f5 7. e4 Nf6 8. Bb5+ c6
9. cxd6 cxb5 10. dxe7 Qxe7 11. d6 Qe6 12. Nxb5 Na6 13. exf5 Qxf5 14. O-O O-O
15. Qe2 e4 16. Nfd4 Qg6 17. Nc3 Kh8 18. Bf4 Nc5 19. f3 Nh5 20. Be3 Nf4 21. Bxf4
Rxf4 22. fxe4 Bg4 23. Qe3 Rxf1+ 24. Rxf1 Qxd6 25. e5 Qb6 26. Qf2 Ne6 27. Nxe6
Qxf2+ 28. Rxf2 Bxe6 29. Rd2 Re8 30. a3 Kg8 31. Nb5 a6 32. Nd6 Re7 33. Kf2 h6
34. Ke3 Kh7 35. Ke4 Rc7 36. Kd4 Kg8 37. Rf2 b6 38. b4 Rc1 39. Rd2 Kf8 40. Kd3
Ra1 41. Nc4 b5 42. Nb6 Rxa3+ 43. Kd4 Rb3 44. Kc5 Ke7 45. g3 Rb1 46. Rc2 1/2-1/2

[Event "C.to Italiano femminile"]
[Site "Montecatini Terme ITA"]
[Date "2011.08.02"]
[Round "4"]
[White "Chiarion, Elisa"]
[Black "De Rosa, Mariagrazia"]
[WhiteElo "1964"]
[BlackElo "2106"]
[Result "1-0"]
[PlyCount "57"]
[EventDate "2011.07.31"]

1. e4 c5 2. Nf3 d6 3. d4 cxd4 4. Nxd4 Nf6 5. Nc3 a6 6. f4 e6 7. Be2 Be7 8. O-O
Qc7 9. a4 Nc6 10. Kh1 O-O 11. Bf3 Re8 12. g4 Bf8 13. g5 Nd7 14. Nce2 g6 15. f5
Nde5 16. Nf4 Nxd4 17. Qxd4 Qxc2 18. Ra3 Nxf3 19. Raxf3 e5 20. Rc3 Qxc1 21. Qc4
Qd2 22. Nd5 Bg7 23. Nc7 Bd7 24. fxg6 hxg6 25. Qxf7+ Kh8 26. Nxe8 Rxe8 27. Qxd7
Rf8 28. Rxf8+ Bxf8 29. Rh3+ 1-0

[Event "C.to Italiano femminile"]
[Site "Montecatini Terme ITA"]
[Date "2011.08.02"]
[Round "4"]
[White "Panella, Fiammetta"]
[Black "Reginato, Sabrina"]
[WhiteElo "2030"]
[BlackElo "1954"]
[Result "1/2-1/2"]
[PlyCount "28"]
[EventDate "2011.07.31"]

1. d4 d5 2. Nc3 Nf6 3. Bg5 Nbd7 4. f3 e6 5. e4 dxe4 6. fxe4 Be7 7. Nf3 h6 8.
Bf4 a6 9. e5 Nd5 10. Nxd5 exd5 11. Bd3 Nb6 12. O-O Be6 13. c3 Qd7 14. a4 a5
1/2-1/2

[Event "C.to Italiano femminile"]
[Site "Montecatini Terme ITA"]
[Date "2011.08.03"]
[Round "5"]
[White "Palmitessa, Chiara"]
[Black "Chiarion, Elisa"]
[WhiteElo "1938"]
[BlackElo "1964"]
[Result "0-1"]
[PlyCount "68"]
[EventDate "2011.07.31"]

1. e4 c5 2. Nf3 a6 3. Nc3 b5 4. d4 e6 5. Be3 c4 6. d5 Bb7 7. a3 Nf6 8. Qd4 Ng4
9. Bf4 Qc8 10. d6 f6 11. h3 Nc6 12. Qd2 Nh6 13. g4 Nf7 14. g5 Nce5 15. Bxe5
fxe5 16. Rg1 g6 17. h4 Bxd6 18. h5 Qc7 19. Nh4 O-O-O 20. a4 b4 21. Na2 a5 22.
Qe2 Be7 23. hxg6 Nxg5 24. O-O-O Nxe4 25. g7 Rhg8 26. Qh5 Nxf2 27. Re1 Bf6 28.
Re2 Ne4 29. Qxh7 d5 30. Bh3 Ng5 31. Qg6 Nxh3 32. Qxf6 Nxg1 33. Qxe6+ Kb8 34.
Rg2 Rxg7 0-1

[Event "C.to Italiano femminile"]
[Site "Montecatini Terme ITA"]
[Date "2011.08.03"]
[Round "5"]
[White "Reginato, Sabrina"]
[Black "Messina, Roberta"]
[WhiteElo "1954"]
[BlackElo "1913"]
[Result "1/2-1/2"]
[PlyCount "142"]
[EventDate "2011.07.31"]

1. d4 Nf6 2. Nf3 g6 3. Bf4 Bg7 4. e3 O-O 5. Be2 d6 6. h3 Re8 7. O-O Nc6 8. c4
Nd7 9. Bh2 e5 10. Nc3 exd4 11. exd4 Qf6 12. Nd5 Qd8 13. a3 Nb6 14. Nc3 Bf5 15.
Bf4 h6 16. b4 Qf6 17. Be3 Rad8 18. Qb3 Be4 19. Nxe4 Rxe4 20. Bd3 Ree8 21. Rab1
Ne7 22. c5 Nbd5 23. Rfe1 Nxe3 24. Rxe3 Nf5 25. Bxf5 gxf5 26. Rbe1 Rxe3 27. Qxe3
Bf8 28. Qf4 Be7 29. g3 Kh7 30. Nh4 dxc5 31. Nxf5 Bd6 32. Qe4 Qg6 33. dxc5 Bf8
34. Qe5 Qc6 35. Nh4 Qd7 36. Qe4+ Kg8 37. Nf5 Qd2 38. Ne7+ Bxe7 39. Qxe7 Rd7 40.
Qe8+ Kg7 41. Qe5+ Kh7 42. Qf5+ Kg7 43. Re4 Qd3 44. Qe5+ Kh7 45. Rg4 f5 46. Rh4
Qf3 47. Rxh6+ Kxh6 48. Qe6+ Kg5 49. Qxd7 Qxa3 50. Qg7+ Kh5 51. Qh7+ Kg5 52.
Qg7+ Kh5 53. Qh7+ Kg5 54. Qg7+ Kh5 55. g4+ fxg4 56. hxg4+ Kh4 57. Qg6 Qa1+ 58.
Kg2 Qe5 59. Qh5+ Qxh5 60. gxh5 Kxh5 61. Kf3 Kg5 62. Ke4 Kf6 63. Kd5 a6 64. Ke4
Ke6 65. f3 b6 66. cxb6 cxb6 67. Kd4 a5 68. bxa5 bxa5 69. Kc4 Kf5 70. Kb5 Kf4
71. Kxa5 Kxf3 1/2-1/2

[Event "C.to Italiano femminile"]
[Site "Montecatini Terme ITA"]
[Date "2011.08.03"]
[Round "5"]
[White "Chierici, Marianna"]
[Black "Tonel, Giulia"]
[WhiteElo "2064"]
[BlackElo "1939"]
[Result "1/2-1/2"]
[PlyCount "108"]
[EventDate "2011.07.31"]

1. c4 Nf6 2. g3 e6 3. Bg2 d5 4. d4 dxc4 5. Qa4+ Nbd7 6. Qxc4 a6 7. Nf3 b5 8.
Qc2 Bb7 9. O-O c5 10. dxc5 Bxc5 11. Nc3 O-O 12. Bf4 Rc8 13. a3 Qe7 14. Rac1
Rfd8 15. Qb1 h6 16. Ne1 Nb6 17. Nd3 Bd4 18. Bxb7 Qxb7 19. Be5 Nc4 20. Bxd4 Rxd4
21. Rfd1 e5 22. Nb4 a5 23. Nc2 Nd2 24. Qa2 Rdd8 25. Ne3 a4 26. Nf1 Nb3 27.
Rxd8+ Rxd8 28. Re1 Ng4 29. Qb1 g6 30. Rd1 Qb6 31. Rxd8+ Qxd8 32. Qe4 f5 33.
Qd5+ Qxd5 34. Nxd5 e4 35. Nc3 Ne5 36. Ne3 Nd4 37. Kf1 Kf7 38. Ke1 Ke6 39. Ned5
Kd6 40. Ne3 Kc5 41. h4 Nc4 42. Nxc4 Kxc4 43. Kd2 Kb3 44. Kc1 b4 45. axb4 Kxb4
46. Kd2 Kb3 47. Ke3 Ne6 48. f3 a3 49. bxa3 Kxc3 50. fxe4 h5 51. exf5 gxf5 52.
a4 Kb4 53. Kf3 Nd4+ 54. Kf4 Nxe2+ 1/2-1/2

[Event "C.to Italiano femminile"]
[Site "Montecatini Terme ITA"]
[Date "2011.08.04"]
[Round "6"]
[White "Chiarion, Elisa"]
[Black "Messina, Roberta"]
[WhiteElo "1964"]
[BlackElo "1913"]
[Result "0-1"]
[PlyCount "126"]
[EventDate "2011.07.31"]

1. e4 c5 2. Nf3 d6 3. d4 cxd4 4. Nxd4 Nf6 5. Nc3 a6 6. f4 e6 7. Be2 Be7 8. O-O
Qc7 9. a4 Nc6 10. Kh1 O-O 11. Bf3 Rd8 12. g4 e5 13. Nf5 Nb4 14. g5 Ne8 15. Be3
Bxf5 16. exf5 Qa5 17. Qe2 d5 18. Bd2 e4 19. Bh5 Qc7 20. f6 gxf6 21. gxf6 Bxf6
22. Qg2+ Ng7 23. Nxe4 dxe4 24. Bxb4 Qc4 25. Ba3 Rac8 26. Rg1 Qxc2 27. Qg3 Qd3
28. Qg4 e3 29. Rad1 Qe4+ 30. Qf3 Qxf3+ 31. Bxf3 b5 32. Rde1 Re8 33. Bb7 Rb8 34.
Bc6 Rec8 35. Bd6 Rb6 36. Bd7 Ra8 37. Bc5 Rbb8 38. Bc6 Rc8 39. Bxa8 Rxc5 40.
Rxe3 Rc8 41. Bb7 Rb8 42. Rg2 bxa4 43. Bxa6 Bxb2 44. Bc4 Kf8 45. Rge2 Nf5 46.
Rh3 h6 47. Rh5 Nd4 48. Rd2 Rb4 49. Rxh6 Bc3 50. Rxd4 Bxd4 51. Rc6 a3 52. Bd5
Rb1+ 53. Kg2 a2 54. Bxa2 Rb2+ 55. Kg3 Rxa2 56. Rc4 Bf6 57. Re4 Ra1 58. Kg2 Ra3
59. Re2 Kg7 60. Re8 Kg6 61. Rg8+ Kf5 62. Rf8 Ra7 63. Kf3 Bh4 0-1

[Event "C.to Italiano femminile"]
[Site "Montecatini Terme ITA"]
[Date "2011.08.04"]
[Round "6"]
[White "Tonel, Giulia"]
[Black "Panella, Fiammetta"]
[WhiteElo "1939"]
[BlackElo "2030"]
[Result "1/2-1/2"]
[PlyCount "61"]
[EventDate "2011.07.31"]

1. Nf3 d5 2. g3 c5 3. Bg2 Nf6 4. O-O Nc6 5. d3 e6 6. Nbd2 Be7 7. e4 O-O 8. e5
Nd7 9. Re1 b5 10. Nf1 a5 11. h4 a4 12. Bf4 b4 13. a3 bxa3 14. bxa3 Ba6 15. Ne3
Nd4 16. Ng5 h6 17. Qh5 hxg5 18. hxg5 Ra7 19. Kh2 g6 20. Qh6 Re8 21. Rh1 Bf8 22.
Qh3 Bg7 23. Kg1 Nxe5 24. Qh7+ Kf8 25. Qxg7+ Kxg7 26. Bxe5+ f6 27. gxf6+ Kg8 28.
f7+ Kxf7 29. Rh7+ Kf8 30. Rh8+ Kf7 31. Rh7+ 1/2-1/2

[Event "C.to Italiano femminile"]
[Site "Montecatini Terme ITA"]
[Date "2011.08.04"]
[Round "6"]
[White "Palmitessa, Chiara"]
[Black "Reginato, Sabrina"]
[WhiteElo "1938"]
[BlackElo "1954"]
[Result "0-1"]
[PlyCount "64"]
[EventDate "2011.07.31"]

1. e4 c6 2. d4 d5 3. e5 Bf5 4. Nc3 a6 5. g4 Bd7 6. h3 e6 7. Nge2 c5 8. Be3 cxd4
9. Bxd4 Nc6 10. Qd2 Qc7 11. f4 Nxd4 12. Nxd4 Rc8 13. Rg1 Qb6 14. O-O-O Bb4 15.
Rg3 Ne7 16. f5 exf5 17. gxf5 Nxf5 18. Nxf5 Bxf5 19. Qxd5 Bxc3 20. Rxc3 Rxc3 21.
bxc3 O-O 22. Bg2 Qc7 23. Qd4 h6 24. Re1 Rd8 25. Qb4 a5 26. Qb3 Qd7 27. Be4 Qd2+
28. Kb2 Qxe1 29. Bxf5 Rd1 30. Qc4 Rb1+ 31. Ka3 Qc1+ 32. Ka4 b5+ 0-1

[Event "C.to Italiano femminile"]
[Site "Montecatini Terme ITA"]
[Date "2011.08.05"]
[Round "7"]
[White "Messina, Roberta"]
[Black "Tonel, Giulia"]
[WhiteElo "1913"]
[BlackElo "1939"]
[Result "1/2-1/2"]
[PlyCount "77"]
[EventDate "2011.07.31"]

1. c4 Nf6 2. Nc3 g6 3. e4 d6 4. d4 Bg7 5. Nf3 O-O 6. Be2 e5 7. O-O Nc6 8. d5
Ne7 9. b4 Ne8 10. c5 f5 11. Bg5 h6 12. Bxe7 Qxe7 13. Rc1 Rf7 14. Re1 f4 15. Nb5
a6 16. Qa4 Bd7 17. c6 Bc8 18. cxb7 Bxb7 19. Na3 g5 20. g3 Qf6 21. Rf1 Qg6 22.
Qc2 Bf6 23. Rfd1 Bd8 24. Ne1 h5 25. Nc4 Nf6 26. Nf3 Ne8 27. Ncxe5 dxe5 28. Nxe5
Qf6 29. Nxf7 Qxf7 30. e5 Kg7 31. e6 Qg6 32. Bd3 Qf6 33. Bc4 Be7 34. Qd3 Bd6 35.
a3 Qg6 36. Qd4+ Qf6 37. Qd3 Qg6 38. Qd4+ Qf6 39. Qd3 1/2-1/2

[Event "C.to Italiano femminile"]
[Site "Montecatini Terme ITA"]
[Date "2011.08.05"]
[Round "7"]
[White "Panella, Fiammetta"]
[Black "Chiarion, Elisa"]
[WhiteElo "2030"]
[BlackElo "1964"]
[Result "0-1"]
[PlyCount "122"]
[EventDate "2011.07.31"]

1. e4 d5 2. exd5 Qxd5 3. Nc3 Qd6 4. d4 Nf6 5. Nf3 c6 6. Ne5 Bf5 7. Bf4 Qd8 8.
Be2 e6 9. O-O Be7 10. Re1 O-O 11. Bf3 Qb6 12. Nc4 Qd8 13. a3 Na6 14. Bg3 h6 15.
h3 Nc7 16. Qd2 Ncd5 17. Rad1 Rc8 18. Ne3 Bg6 19. Ng4 Nh5 20. Ne2 Bg5 21. Ne3
Nxe3 22. fxe3 Nxg3 23. Nxg3 Bh4 24. Ne4 Bxe1 25. Qxe1 b6 26. c4 Qe7 27. Nc3 Bc2
28. Rd2 Bb3 29. Qf1 e5 30. d5 Qc5 31. dxc6 Bxc4 32. Qf2 Rfd8 33. b4 Qe7 34. Be4
b5 35. Kh2 a5 36. bxa5 Qxa3 37. c7 Rxd2 38. Qxd2 Qxa5 39. Bf5 Be6 40. Bxe6 fxe6
41. Qd6 Qxc7 42. Qxe6+ Kh8 43. Nxb5 Qc5 44. Nd6 Rf8 45. Nf7+ Rxf7 46. Qxf7 Qxe3
47. Qf8+ Kh7 48. Qf5+ Kg8 49. Qe6+ Kf8 50. Qd6+ Kf7 51. Qd7+ Kf6 52. Qd8+ Kg6
53. Qe8+ Kh7 54. Qe6 Qf4+ 55. Kg1 e4 56. Qa2 e3 57. Qc2+ g6 58. Qa2 h5 59. Qe2
h4 60. Qe1 Kh6 61. Qe2 Qd4 0-1

[Event "C.to Italiano femminile"]
[Site "Montecatini Terme ITA"]
[Date "2011.08.05"]
[Round "7"]
[White "Reginato, Sabrina"]
[Black "De Rosa, Mariagrazia"]
[WhiteElo "1954"]
[BlackElo "2106"]
[Result "0-1"]
[PlyCount "76"]
[EventDate "2011.07.31"]

1. d4 Nf6 2. Nf3 g6 3. Bf4 Bg7 4. e3 d6 5. h3 O-O 6. Be2 c5 7. c3 b6 8. O-O Bb7
9. Nbd2 Nc6 10. a4 Nd5 11. Bh2 cxd4 12. exd4 Bh6 13. Re1 Re8 14. Ne4 Nf4 15.
Bxf4 Bxf4 16. Bd3 d5 17. Ned2 Rc8 18. Nf1 Bb8 19. h4 e5 20. dxe5 Nxe5 21. Nxe5
Bxe5 22. Bb5 Re6 23. Qg4 Qe7 24. Re3 Rd8 25. Rd1 h5 26. Qe2 Bc8 27. Qd2 Qxh4
28. Rd3 Bb7 29. Rh3 Qf4 30. Qxf4 Bxf4 31. Rhd3 Be5 32. g3 Red6 33. f4 Bf6 34.
Ne3 a6 35. Nxd5 Rxd5 36. Rxd5 Rxd5 37. Rxd5 Bxd5 38. Bxa6 Bb3 0-1

[Event "C.to Italiano femminile"]
[Site "Montecatini Terme ITA"]
[Date "2011.08.06"]
[Round "8"]
[White "Chierici, Marianna"]
[Black "Chiarion, Elisa"]
[WhiteElo "2064"]
[BlackElo "1964"]
[Result "1-0"]
[PlyCount "97"]
[EventDate "2011.07.31"]

1. e4 e6 2. Nf3 d5 3. Nc3 d4 4. Nb5 c5 5. c3 a6 6. Na3 Nc6 7. e5 d3 8. Qa4 Nge7
9. Qe4 Ng6 10. Nc4 Qc7 11. Bxd3 b5 12. Nd6+ Bxd6 13. exd6 Qxd6 14. Bc2 O-O 15.
O-O f5 16. Qe1 c4 17. a4 b4 18. Qe2 b3 19. Bb1 Nf4 20. Qxc4 Na5 21. Qb4 Qxb4
22. cxb4 Nc6 23. Ra3 Nxb4 24. Rxb3 a5 25. Re1 Ba6 26. d4 Ne2+ 27. Kh1 Rfd8 28.
Re3 Rac8 29. Bd2 Nc2 30. Bxc2 Rxc2 31. Rxe6 Bc4 32. R6xe2 Bxe2 33. Rxe2 Rxb2
34. Bxa5 Rxe2 35. Bxd8 Rxf2 36. h3 Kf8 37. a5 Ra2 38. Kh2 Ke8 39. Bb6 h6 40. h4
g6 41. Kg3 Ke7 42. Ne5 g5 43. hxg5 hxg5 44. Nf3 g4 45. Nh4 Kf6 46. Bd8+ Ke6 47.
Kf4 Rf2+ 48. Kg5 Rd2 49. Bb6 1-0

[Event "C.to Italiano femminile"]
[Site "Montecatini Terme ITA"]
[Date "2011.08.06"]
[Round "8"]
[White "Messina, Roberta"]
[Black "Santeramo, Alessia Carmen"]
[WhiteElo "1913"]
[BlackElo "1674"]
[Result "1-0"]
[PlyCount "109"]
[EventDate "2011.07.31"]

1. c4 Nf6 2. Nc3 g6 3. Nf3 Bg7 4. g3 O-O 5. Bg2 d6 6. O-O Nc6 7. b3 e5 8. Bb2
Bf5 9. d3 Qd7 10. Nd2 Bh3 11. Nde4 Nxe4 12. dxe4 Bxg2 13. Kxg2 f5 14. c5 Rad8
15. Qd5+ Qf7 16. exf5 gxf5 17. cxd6 Rxd6 18. Qxf7+ Rxf7 19. Rfd1 Rfd7 20. Rxd6
Rxd6 21. Rd1 Rxd1 22. Nxd1 e4 23. Bxg7 Kxg7 24. Ne3 Ne7 25. Kh3 Kg6 26. f3 c6
27. fxe4 fxe4 28. Kg4 Ng8 29. Kf4 Nf6 30. Nd1 c5 31. Nc3 e3 32. h3 h5 33. Kxe3
a6 34. Kf4 b5 35. Ke5 Kf7 36. Ne4 c4 37. bxc4 bxc4 38. Nd6+ Ke7 39. Nxc4 Nd7+
40. Kf5 Nf6 41. e4 Nd7 42. Kg5 Nf6 43. Kf5 Nd7 44. g4 hxg4 45. hxg4 Nf8 46. g5
Kf7 47. e5 Ne6 48. Nd6+ Ke7 49. Nc8+ Kd7 50. Nb6+ Ke7 51. Nd5+ Kd7 52. g6 Ng7+
53. Kf6 Nh5+ 54. Kf7 a5 55. Nf6+ 1-0

[Event "C.to Italiano femminile"]
[Site "Montecatini Terme ITA"]
[Date "2011.08.06"]
[Round "8"]
[White "Tonel, Giulia"]
[Black "De Rosa, Mariagrazia"]
[WhiteElo "1939"]
[BlackElo "2106"]
[Result "0-1"]
[PlyCount "76"]
[EventDate "2011.07.31"]

1. e4 c5 2. Nf3 Nc6 3. Bb5 Qc7 4. O-O a6 5. Bxc6 dxc6 6. d3 e5 7. Be3 Nf6 8. h3
h6 9. Nbd2 Be6 10. a3 Be7 11. Qb1 g5 12. Nh2 Nd7 13. b4 O-O-O 14. Qb2 h5 15. a4
cxb4 16. a5 Rdg8 17. Kh1 g4 18. g3 h4 19. c3 hxg3 20. fxg3 Rxh3 21. Rg1 Nc5 22.
cxb4 Nxd3 23. Qb1 Rgh8 24. Ndf1 Bc4 25. Rg2 Bf8 26. Bb6 Qe7 27. Ne3 Bb5 28. Qd1
Rg8 29. Rb1 Bh6 30. Nf5 Qf6 31. Rb3 Bg5 32. Rxd3 Bxd3 33. Qxd3 Rgh8 34. Nd6+
Kb8 35. Nxb7 Qf3 36. Qd6+ Ka8 37. Bg1 Rxh2+ 38. Bxh2 Qf1+ 0-1

[Event "C.to Italiano femminile"]
[Site "Montecatini Terme ITA"]
[Date "2011.08.07"]
[Round "9"]
[White "Chierici, Marianna"]
[Black "Messina, Roberta"]
[WhiteElo "2064"]
[BlackElo "1913"]
[Result "1/2-1/2"]
[PlyCount "31"]
[EventDate "2011.07.31"]

1. e4 c5 2. c3 d5 3. exd5 Qxd5 4. d4 Nf6 5. Nf3 Bg4 6. Be2 e6 7. O-O Nc6 8. h3
Bh5 9. Be3 cxd4 10. Nxd4 Bxe2 11. Qxe2 Bc5 12. Nxc6 Qxc6 13. Bxc5 Qxc5 14. Nd2
O-O 15. Ne4 Nxe4 16. Qxe4 1/2-1/2

[Event "C.to Italiano femminile"]
[Site "Montecatini Terme ITA"]
[Date "2011.08.07"]
[Round "9"]
[White "De Rosa, Mariagrazia"]
[Black "Panella, Fiammetta"]
[WhiteElo "2106"]
[BlackElo "2030"]
[Result "1-0"]
[PlyCount "49"]
[EventDate "2011.07.31"]

1. e4 c5 2. Nf3 e6 3. d4 cxd4 4. Nxd4 a6 5. f4 d5 6. e5 Nc6 7. Nc3 Nge7 8. Be3
Nxd4 9. Bxd4 Nf5 10. Bf2 Bb4 11. Bd4 Bf8 12. Bf2 Bb4 13. Qf3 Qa5 14. O-O-O Bd7
15. g4 Ne7 16. Bd4 Nc6 17. f5 Nxd4 18. Rxd4 Rc8 19. fxe6 fxe6 20. Nb1 Rxc2+ 21.
Kxc2 Qc5+ 22. Kd3 Qc1 23. Rxb4 Rf8 24. Qe2 Qxb1+ 25. Kd2 1-0